সাঁওতালি কবিতা [৩য় সংস্করণ] = Saontali kavita [3rd ed.] [in Bengali] (Record no. 57082)
[ view plain ]
| 000 -LEADER | |
|---|---|
| fixed length control field | 00874nam a2200193Ia 4500 |
| 005 - DATE AND TIME OF LATEST TRANSACTION | |
| control field | 20260603120909.0 |
| 008 - FIXED-LENGTH DATA ELEMENTS--GENERAL INFORMATION | |
| fixed length control field | 260603s9999||||xx |||||||||||||| ||und|| |
| 020 ## - INTERNATIONAL STANDARD BOOK NUMBER | |
| International Standard Book Number | 8170794366 |
| 020 ## - INTERNATIONAL STANDARD BOOK NUMBER | |
| Qualifying information | hb |
| 082 ## - DEWEY DECIMAL CLASSIFICATION NUMBER | |
| Classification number | 891.44 |
| Item number | BHA.3E |
| 100 ## - MAIN ENTRY--PERSONAL NAME | |
| Personal name | ভট্টাচার্য, শুভেন্দুশেখর [সংগৃহীত] = Bhattacharya, Subhendusekhar [collected] |
| 245 #0 - TITLE STATEMENT | |
| Title | সাঁওতালি কবিতা [৩য় সংস্করণ] = Saontali kavita [3rd ed.] [in Bengali] |
| 250 ## - EDITION STATEMENT | |
| Edition statement | 1st ed. 1976 ; 3rd ed. 2010 |
| 260 ## - PUBLICATION, DISTRIBUTION, ETC. | |
| Place of publication, distribution, etc. | কলকাতা = Kolkata |
| Name of publisher, distributor, etc. | ডেইস পাবলিশিং = Deys Publishing |
| Date of publication, distribution, etc. | 2010 |
| 300 ## - PHYSICAL DESCRIPTION | |
| Extent | 198p. ; 22cm. |
| 653 ## - INDEX TERM--UNCONTROLLED | |
| Uncontrolled term | Bengali Language--Literature |
| 700 ## - ADDED ENTRY--PERSONAL NAME | |
| Personal name | বন্দ্যোপাধ্যায়, তপন [সম্পাদনা] = Bandyopadhyay, Tapan [ed.] |
| 942 ## - ADDED ENTRY ELEMENTS (KOHA) | |
| Koha item type | Book |
| Withdrawn status | Lost status | Damaged status | Not for loan | Collection code | Home library | Current library | Shelving location | Date acquired | Source of acquisition | Total Checkouts | Full call number | Barcode | Date last seen | Price effective from | Koha item type |
|---|---|---|---|---|---|---|---|---|---|---|---|---|---|---|---|
| Matrubhasa Collection | LRC, IIT Indore | LRC, IIT Indore | 3rd Floor - Matrubhasa Collection | 03/06/2026 | Gratis Book Price: INR 100.00 | 891.44 BHA.3E | MB356 | 03/06/2026 | 03/06/2026 | Matrubhasa Collection |
